Use of risk analysis in computer-aided persuasion (Record no. 238820)
[ view plain ]
| 000 -LEADER | |
|---|---|
| fixed length control field | 01612nam a2200361 a 4500 |
| 245 00 - TITLE STATEMENT | |
| Title | Use of risk analysis in computer-aided persuasion |
| 260 ## - PUBLICATION, DISTRIBUTION, ETC. (IMPRINT) | |
| Place of publication | Amsterdam ; |
| -- | Washington, D.C. : |
| Name of publisher | IOS Press, |
| Year of publication | c2011. |
| 300 ## - PHYSICAL DESCRIPTION | |
| Number of Pages | viii, 337 p. |
| 490 1# - SERIES STATEMENT | |
| Series statement | NATO science for peace and security series. E, Human and societal dynamics, |
| 505 0# - FORMATTED CONTENTS NOTE | |
| Formatted contents note | pt. 1. Fraud and financial -- pt. 2. Threats to security/economic entities -- pt. 3. Networks/IT. |
| 650 #0 - SUBJECT ADDED ENTRY--TOPICAL TERM | |
| Topical Term | Computer networks |
| Topical Term | National security |
| Topical Term | Data protection. |
| 700 1# - ADDED ENTRY--PERSONAL NAME | |
| Personal name | Duman, Ekrem. |
| Personal name | Atiya, Amir F. |
| 856 40 - ELECTRONIC LOCATION AND ACCESS | |
| Uniform Resource Identifier | http://site.ebrary.com/lib/rucke/Doc?id=10524255 |
No items available.
